Estudio de factibilidad para la creación de una Empresa de Servicio de Transporte escolar en el Distrito 8 de la ciudad de El Alto (Registro nro. 9687)

000 -CABECERA (24)
Campo de control interno 02746nam a22002654a 4500
003 - IDENTIFICADOR DE CONTROL
Campo control BOLpUSFA
005 - FECHA Y HORA DE CATALOGACION
Campo de control 20260407144410.0
008 - ELEMENTOS DE LONGITUD FIJA - INFORMACIÓN GENERAL
Campo de control de longitud fija t bo grm 000 f spa d
040 ## - Origen de la Catalogacion
Origen de la Catalogacion BOLpUSFA
041 ## - Código de idioma (R)
Código de lengua del texto/banda sonora o título independiente (R) spa
044 ## - Código de país de la publicación
Codigo de pais MARC BO
082 ## - Número de la Clasificación Decimal Dewey
Número de la Clasificación Decimal Dewey ADM0039
Codigo Cutter C988ePG
100 ## - Autor Personal
Autor Personal Cutili Larico, Walter
245 ## - Titulo
Titulo Estudio de factibilidad para la creación de una Empresa de Servicio de Transporte escolar en el Distrito 8 de la ciudad de El Alto
260 ## - Editorial
Ciudad El Alto:
Nombre de la Editorial Universidad Privada San Francisco de Asís. Carrera de Administración de Empresas,
Fecha 2025
300 ## - Descripcion
Extension 166 p.
502 ## - Nota de Tesis
Nota de Tesis Modalidad: Proyecto de Grado - <br/>Tutor: Ing. Carlos Villarroel Prieto <br/>
520 ## - Resumen
Resumen El distrito 8 de El Alto ha registrado un incremento del 11% en la población estudiantil <br/>matriculada, alcanzando los 48,569 estudiantes en 2025. Este crecimiento ha <br/>generado dificultades para los padres y familias, quienes enfrentan problemas en el <br/>transporte público como cobros abusivos, congestión vehicular, rutas interrumpidas y <br/>vehículos en mal estado, lo que dificulta el traslado seguro y puntual de sus hijos a las <br/>unidades educativas. Ante esta situación, se identificó la necesidad de un servicio de <br/>transporte escolar eficiente y confiable. <br/><br/>Para evaluar la viabilidad del proyecto, se <br/>realizó un estudio de factibilidad que incluyó un análisis de mercado, el cual permitió <br/>identificar la demanda disponible en el nicho de transporte escolar privado en las <br/>unidades educativas del distrito 8 de la ciudad de El Alto. Además, se consideró iniciar <br/>operaciones con una flota de nueve vehículos tipo minibús abarcando un porcentaje <br/>moderado de la demanda identificada. El estudio también incluyó el diseño del proceso <br/>administrativo para organizar y sistematizar las operaciones de la empresa, y el <br/>desarrollo de estrategias de marketing enfocadas en la publicidad en redes sociales, <br/>así como en la convivencia y vinculación con el entorno comunitario para fortalecer la <br/>aceptación del servicio. Finalmente, el análisis financiero evidenció un Valor Actual <br/>Neto (VAN) positivo de Bs. 167,234.98 y una Tasa Interna de Retorno (TIR) del 13%, <br/>indicadores que confirman la factibilidad económica del proyecto. En conjunto, estos <br/>resultados respaldan la creación de una empresa de transporte escolar que contribuya <br/>a mejorar la movilidad y seguridad de los estudiantes, así como al desarrollo social y <br/>económico del distrito 8. <br/>
650 ## - Temas - Descriptores
Temas - Descriptores Administración de Empresas
650 ## - Temas - Descriptores
Temas - Descriptores Proyecto de Grado
650 ## - Temas - Descriptores
Temas - Descriptores Estudio de factibilidad
650 ## - Temas - Descriptores
Temas - Descriptores Transporte escolar
651 ## - Punto de acceso adicional de materia - Nombre geográfico (R)
Nombre geográfico (NR) El Alto
942 ## - ELEMENTOS DE KOHA
Esquema de Clasificaci
Tipo de Documento Tesis
Catalogador LLO
Existencias
Retirado (estado) Perdido (estado) Fuente de Clasificacion Deterioro (estado) Prestamo Coleccion Ubicacion permanente Ubicacion actual Fondo Fecha de adquisicion Origen de adquisicion Prestamos Signatura Topografica Codigo de barras Ultima fecha de verificacion Price effective from Tipo de Item
No Dañado Disponible   No Dañado Disponible Tesis Biblioteca USFA El Alto Biblioteca USFA El Alto Colección Tesis 03/30/2026 Depósito   ADM0039 C988ePG BEA01535 03/30/2026 03/30/2026 Tesis

Universidad Privada San Francisco de Asis (USFA)
Sopocachi, av. 20 de octubre esq. Belisario Salinas No.397 (Plaza Abaroa)
Telf.fax (+591-2) 2443773
info@usfa.edu.bo